000 00841nam a2200277 i 4500
001 76762
003 ES-MaACL
005 20250701025841.0
007 t|
008 041005s1976 ag ||||1| spa d
080 _a821.134.2(729.1)-14"19"
100 1 _aGuillén, Nicolás,
_d1902-1989
_960771
245 1 3 _aEl son entero
_b; Cantos para soldados y Sones para turistas /
_cNicolás Guillén.
250 _a7ª ed.
260 _aBuenos Aires :
_bLosada,
_c1976.
300 _a110 p. ;
_c18 cm.
490 1 _aBiblioteca clásica y contemporánea
650 4 _aPoesía cubana
_916151
655 7 _2tgfbne
_aPoesías
_9176539
740 0 _aSones para turistas.
740 0 _aCantos para soldados.
830 0 0 _aBiblioteca clásica y contemporánea
_9181053
852 _aES-MaACL
_jL-6670
942 _2udc
999 _c76762
_d76762